000 00669nam a2200277Ia 4500
005 20260324133124.0
008 008 260324s9999 xx 000 0 eng d
020 _a9781315198965
037 _aEBOOK
040 _aCRL
040 _beng
040 _cCRL
041 _2eng
041 _aeng
084 _qCRL
100 _aSvetla Trifonova Marinova
_91191879
245 0 _aForeign Direct Investment in Central and Eastern Europe
260 _bTaylor and Francis
260 _c2003
365 _a
365 _b230
856 _uhttp://www.taylorfrancis.com/books/9781315198965
942 _cEBOOK
999 _c1790637
_d1790637